<?xml version="1.0" encoding="UTF-8"?>
<collection xmlns="http://www.loc.gov/MARC21/slim">
 <record>
  <leader>01355aam a22002178a 4500</leader>
  <controlfield tag="001">NCT_5235</controlfield>
  <controlfield tag="008">101005s2010                  ||||||viesd</controlfield>
  <datafield tag="999" ind1=" " ind2=" ">
   <subfield code="c">265</subfield>
   <subfield code="d">265</subfield>
  </datafield>
  <datafield tag="020" ind1=" " ind2=" ">
   <subfield code="c">39000</subfield>
  </datafield>
  <datafield tag="082" ind1="0" ind2="4">
   <subfield code="2">23rd ed.</subfield>
   <subfield code="a">671</subfield>
   <subfield code="b">D304</subfield>
  </datafield>
  <datafield tag="100" ind1="1" ind2=" ">
   <subfield code="a">Đinh Minh Diệm</subfield>
  </datafield>
  <datafield tag="245" ind1="1" ind2="0">
   <subfield code="a">Giáo trình các phương pháp gia công đặc biệt</subfield>
   <subfield code="c">Đinh Minh Diệm</subfield>
  </datafield>
  <datafield tag="260" ind1=" " ind2=" ">
   <subfield code="a">H.</subfield>
   <subfield code="b">Khoa học và Kỹ thuật</subfield>
   <subfield code="c">2010</subfield>
  </datafield>
  <datafield tag="300" ind1=" " ind2=" ">
   <subfield code="a">155tr.</subfield>
   <subfield code="b">minh hoạ</subfield>
   <subfield code="c">24cm</subfield>
  </datafield>
  <datafield tag="520" ind1="3" ind2=" ">
   <subfield code="a">Nội dung tài liệu giới thiệu vật liệu khó gia công. Một số phương pháp gia công đặc biệt bằng tia lửa điện, anốt - cơ, gia công bằng siêu âm, tia nước, chùm tia điện tử, gia công bằng hồ quang plasma, bằng chùm tia lase</subfield>
  </datafield>
  <datafield tag="655" ind1=" " ind2="7">
   <subfield code="a">Giáo trình</subfield>
  </datafield>
  <datafield tag="942" ind1=" " ind2=" ">
   <subfield code="2">ddc</subfield>
   <subfield code="c">BK</subfield>
  </datafield>
  <datafield tag="952" ind1=" " ind2=" ">
   <subfield code="0">0</subfield>
   <subfield code="1">0</subfield>
   <subfield code="2">ddc</subfield>
   <subfield code="4">0</subfield>
   <subfield code="6">671_000000000000000_D304</subfield>
   <subfield code="7">0</subfield>
   <subfield code="9">1502</subfield>
   <subfield code="a">000001</subfield>
   <subfield code="b">000001</subfield>
   <subfield code="d">2017-10-17</subfield>
   <subfield code="o">671 D304</subfield>
   <subfield code="p">MD.01437</subfield>
   <subfield code="r">2017-10-17</subfield>
   <subfield code="v">39000.00</subfield>
   <subfield code="w">2017-10-17</subfield>
   <subfield code="y">BK</subfield>
  </datafield>
  <datafield tag="952" ind1=" " ind2=" ">
   <subfield code="0">0</subfield>
   <subfield code="1">0</subfield>
   <subfield code="2">ddc</subfield>
   <subfield code="4">0</subfield>
   <subfield code="6">671_000000000000000_D304</subfield>
   <subfield code="7">0</subfield>
   <subfield code="9">1503</subfield>
   <subfield code="a">000001</subfield>
   <subfield code="b">000001</subfield>
   <subfield code="d">2017-10-17</subfield>
   <subfield code="o">671 D304</subfield>
   <subfield code="p">MD.01438</subfield>
   <subfield code="r">2017-10-17</subfield>
   <subfield code="v">39000.00</subfield>
   <subfield code="w">2017-10-17</subfield>
   <subfield code="y">BK</subfield>
  </datafield>
  <datafield tag="952" ind1=" " ind2=" ">
   <subfield code="0">0</subfield>
   <subfield code="1">0</subfield>
   <subfield code="2">ddc</subfield>
   <subfield code="4">0</subfield>
   <subfield code="6">671_000000000000000_D304</subfield>
   <subfield code="7">0</subfield>
   <subfield code="9">1504</subfield>
   <subfield code="a">000001</subfield>
   <subfield code="b">000001</subfield>
   <subfield code="d">2017-10-17</subfield>
   <subfield code="o">671 D304</subfield>
   <subfield code="p">MD.01439</subfield>
   <subfield code="r">2017-10-17</subfield>
   <subfield code="v">39000.00</subfield>
   <subfield code="w">2017-10-17</subfield>
   <subfield code="y">BK</subfield>
  </datafield>
  <datafield tag="980" ind1=" " ind2=" ">
   <subfield code="a">Thư viện Trường Đại học Nam Cần Thơ</subfield>
  </datafield>
 </record>
</collection>
